000 01002nam a2200265Ia 4500
003 OSt
005 20221005104408.0
006 a|||||r|||| 00| 0
007 ta
008 221004b |||||||| |||| 00| 0 hin d
020 _c150
024 _a1633
037 _b13337, 23/07/2012, Kitab Ghar
_cTextual
040 _aCRL
_cCRL
_bhin
041 _2hin
_ahin
082 _aZ:P152:795, P5.2
100 _aअग्रवाल, कृष्ण गोपाल
_9157373
245 0 _aविधि अनुवाद सिद्धांत और व्यवहार भाग-2
246 _aVidhi anuvād siddhāanta aur vyavahār bhāga-2
260 _aदिल्ली
_bभारतीय अनुवाद भारत
_c2005
490 _vभाग 2
650 _aभारतीय कानून
942 _hZ:P152:795, P5.2
_cTEXL
_2cc
999 _c1012581
_d1012581